| 000 | 00588cam a2200229 4500 | ||
|---|---|---|---|
| 008 | 090401t1990 xxu||||| |||| 00| 0 eng d | ||
| 020 | _a0471620572 | ||
| 035 | _a(Sirsi) u69236 | ||
| 041 | _aeng | ||
| 050 | _a658.4032 | ||
| 100 | _aAntill, James M | ||
| 245 | _aCritical path methods in construction practice | ||
| 250 | _a4th ed. | ||
| 260 |
_aNew York _bJohn Wiley and Sons _c1990 |
||
| 300 | _axii,422p. ; 24cm. | ||
| 350 | _a39.3 | ||
| 650 | _aBUILDING INDUSTRY | ||
| 650 | _aCRITICAL PATH METHOD | ||
| 700 | _aWoodhead, Ronald W | ||
| 942 | _n0 | ||
| 948 | _c04/03/1997 | ||
| 999 |
_c95170 _d95170 |
||